00466 2200169 4500001002100000005001500021035002000036245006200056100001800118250001700136300003400153260003500187082001200222084001800234020002200252600002200274INLIS00000000000089320250121110426 a0010-01250000661 aEnsiklopedia IPTEK :bHewan dan Tumbuhan /cDjoko Santoso0 aDjoko Santoso acetakan ke-1 aiv, 60 hlm :bIlus ;c29,5 cm aJakarta :bGaneca exact,c2007 a620.003 a620.003 DJO e a978-979-571-492-7 4ahewan da tumbuhan